[Event "Online Olym Div2 B"]
[Site "Chess.com INT"]
[Date "2020.08.15"]
[Round "4.4"]
[White "Promsirinimit, Pornouma"]
[Black "Liu, Yang Hazel"]
[Result "0-1"]
[WhiteElo "1559"]
[BlackElo "2046"]
[PlyCount "64"]
[EventDate "2020.08.14"]
[EventType "team-tourn (rapid)"]
[EventRounds "9"]
[EventCountry "USA"]
[SourceTitle "CBM 198"]
[Source "ChessBase"]
[SourceDate "2020.10.31"]
[SourceVersion "1"]
[SourceVersionDate "2020.10.31"]
[SourceQuality "1"]
[WhiteTeam "Thailand"]
[BlackTeam "Singapore"]
[WhiteTeamCountry "THA"]
[BlackTeamCountry "SIN"]

1. e4 c5 2. Nf3 Nc6 3. Nc3 e5 4. Bc4 d6 5. d3 Be7 6. 0-0 Nf6 7. Nd5 Nxd5 8. Bxd5 0-0 9. h3 Be6 10. c4 Qd7 11. a3 Kh8 12. Bd2 f5 13. b4 cxb4 14. axb4 f4 15. b5 Bxh3 16. gxh3 Qxh3 17. Nh2 f3 18. Nxf3 Qg4+ 19. Kh2 Rxf3 20. Qxf3 Qxf3 21. bxc6 bxc6 22. Bxc6 Rf8 23. Rxa7 Qe2 24. Be3 Qxf1 25. Rxe7 Rxf2+ 26. Bxf2 Qxf2+ 27. Kh3 Qf3+ 28. Kh2 Qh5+ 29. Kg2 Qg5+ 30. Kf3 Qxe7 31. Ke3 Qf6 32. Bd5 g5 0-1

[Event "Online Olym Div3 C"]
[Site "Chess.com INT"]
[Date "2020.08.07"]
[Round "3.1"]
[White "Raharimanana, Faratiana"]
[Black "Promsirinimit, Pornouma"]
[Result "1/2-1/2"]
[WhiteElo "1687"]
[BlackElo "1559"]
[PlyCount "82"]
[EventDate "2020.08.07"]
[EventType "team-tourn (rapid)"]
[EventRounds "9"]
[EventCountry "USA"]
[SourceTitle "CBM 198"]
[Source "ChessBase"]
[SourceDate "2020.10.31"]
[SourceVersion "1"]
[SourceVersionDate "2020.10.31"]
[SourceQuality "1"]
[WhiteTeam "Madagascar"]
[BlackTeam "Thailand"]
[WhiteTeamCountry "MAD"]
[BlackTeamCountry "THA"]

1. e4 Nc6 2. Nf3 e5 3. Bc4 Nf6 4. d3 Bc5 5. Bg5 h6 6. Bh4 0-0 7. 0-0 d6 8. h3 Be6 9. Nbd2 a6 10. c3 b5 11. Bd5 Bxd5 12. exd5 Ne7 13. Bxf6 gxf6 14. c4 Kh7 15. Ne4 Ba7 16. Nxf6+ Kg7 17. Ne4 f5 18. Ng3 Ng6 19. b3 Kh7 20. Qd2 Rf7 21. Rae1 Qg8 22. d4 e4 23. Nh2 Qg7 24. Rd1 Rg8 25. Nh5 Qf8 26. Nf4 Nxf4 27. Qxf4 Qg7 28. g3 Bxd4 29. Rfe1 Bb6 30. Nf1 Qg6 31. Ne3 Qg5 32. Qxg5 hxg5 33. Kg2 Kg6 34. g4 fxg4 35. Nxg4 Rf4 36. Re2 Rgf8 37. Rde1 Kf5 38. Nh6+ Kg6 39. Ng4 Kf5 40. Kg3 Rf3+ 41. Kg2 Rf4 1/2-1/2

[Event "Online Olym Div4 A"]
[Site "Chess.com INT"]
[Date "2020.07.31"]
[Round "1.4"]
[White "Su, Laet Nandar"]
[Black "Promsirinimit, Pornouma"]
[Result "1/2-1/2"]
[WhiteElo "1552"]
[BlackElo "1559"]
[PlyCount "85"]
[EventDate "2020.07.31"]
[EventType "team-tourn (rapid)"]
[EventRounds "9"]
[EventCountry "USA"]
[SourceTitle "CBM 198"]
[Source "ChessBase"]
[SourceDate "2020.10.31"]
[SourceVersion "1"]
[SourceVersionDate "2020.10.31"]
[SourceQuality "1"]
[WhiteTeam "Myanmar"]
[BlackTeam "Thailand"]
[WhiteTeamCountry "MYA"]
[BlackTeamCountry "THA"]

1. d4 Nf6 2. Bf4 d6 3. Nf3 Nbd7 4. Nbd2 g6 5. h3 Bg7 6. e3 0-0 7. Be2 Re8 8. Bh2 e5 9. dxe5 dxe5 10. 0-0 e4 11. Nd4 c5 12. Nb5 Ne5 13. Nc3 Nc6 14. Nb3 b6 15. Qxd8 Rxd8 16. Rad1 Be6 17. f3 Nd5 18. Nxd5 Bxd5 19. c3 exf3 20. Bxf3 Bxf3 21. gxf3 Ne5 22. Bxe5 Bxe5 23. f4 Bf6 24. Kg2 a5 25. a4 Kg7 26. Nd2 Rd3 27. Nc4 Rxd1 28. Rxd1 Rb8 29. Rd6 Bd8 30. Kf3 Bc7 31. Rc6 Bd8 32. e4 h6 33. Rd6 Bc7 34. Rd7 Bd8 35. Ne5 Bh4 36. Nxf7 Re8 37. Nd6+ Re7 38. Rxe7+ Bxe7 39. Nc8 Bd8 40. e5 Kf7 41. Ke4 Ke6 42. Nd6 Bc7 43. Nc4 1/2-1/2

[Event "THA-ch (Women)"]
[Site "Bangkok"]
[Date "2020.02.09"]
[Round "8"]
[White "Promsirinimit, Pornouma"]
[Black "Chuersakul, Sarocha"]
[Result "1/2-1/2"]
[WhiteElo "1575"]
[BlackElo "1636"]
[PlyCount "60"]
[EventDate "2020.02.06"]
[EventType "swiss"]
[EventRounds "9"]
[EventCountry "THA"]
[SourceTitle "CBM 195 Extra"]
[Source "ChessBase"]
[SourceDate "2020.05.31"]
[SourceVersion "1"]
[SourceVersionDate "2020.05.31"]
[SourceQuality "1"]

1. e4 c6 2. Bc4 d5 3. exd5 cxd5 4. Bb3 Nf6 5. d3 Bf5 6. Nf3 e6 7. 0-0 Bd6 8. c4 dxc4 9. dxc4 0-0 10. Bg5 Be7 11. Nc3 Nbd7 12. Nb5 Nc5 13. Nbd4 Bg4 14. Qe2 Re8 15. Rad1 Qb6 16. Bc2 e5 17. h3 exd4 18. hxg4 Bd6 19. Qd2 Nce4 20. Qc1 Nxg4 21. Bh4 d3 22. Bxd3 Rac8 23. b3 Qc7 24. Bxe4 Rxe4 25. Qg5 h6 26. Qd5 Re6 27. Nd4 Rg6 28. Nf5 Bf8 29. Bg3 Qc6 30. Qxc6 Rgxc6 1/2-1/2